[Event "Autumn Cup C Grade"]
[Site "Wellington Chess Club"]
[Date "2019.06.13"]
[Round "5"]
[White "Winter, Ryan"]
[Black "Chen, Wei Kai"]
[Result "1-0"]
[WhiteElo "2015"]
[BlackElo "1964"]

1. e4 c6 2. d4 d5 3. e5 Bf5 4. h4 h5 5. c4 e6 6. Nc3 Nd7 7. Nf3 Bb4 8. a3 Bxc3+
9. bxc3 dxc4 10. Bxc4 b5 11. Be2 Nb6 12. O-O Ne7 13. Ng5 Bg6 14. a4 bxa4 15.
Rxa4 Nxa4 16. Qxa4 Qd7 17. Ba3 Nd5 18. Rc1 f6 19. Nf3 Kf7 20. c4 Nf4 21. Bf1
Bd3 22. Bxd3 Nxd3 23. Rd1 Nf4 24. Qc2 Rab8 25. Bd6 Rb7 26. Qe4 Ng6 27. d5 Rc8
28. Nd4 cxd5 29. cxd5 Qa4 30. dxe6+ Kg8 31. Re1 Rb6 32. Qxg6 Qxd4 33. Qf7+ Kh7
34. Qxh5+ Kg8 35. exf6 Qxf6 36. e7 1-0

[Event "Autumn Cup C Grade"]
[Site "Wellington Chess Club"]
[Date "2019.06.20"]
[Round "1"]
[White "Laking, Robert"]
[Black "Forster, Bill"]
[Result "0-1"]
[WhiteElo "1975"]
[BlackElo "2028"]

1. d4 d6 2. c4 e5 3. e3 Nc6 4. Nc3 g6 5. b4 Bg7 6. d5 Nce7 7. Bb2 f5 8. Qd2 Nf6
9. Nf3 O-O 10. Be2 h6 11. Bd1 g5 12. Bb3 Ng6 13. h4 Ne4 14. Nxe4 fxe4 15. h5
exf3 16. hxg6 fxg2 17. Rg1 Bh3 18. O-O-O Qf6 19. f4 gxf4 20. Rde1 f3 21. Qf2
Qxg6 22. e4 Bg4 23. Kb1 h5 24. Bc1 h4 25. Be3 Bh6 26. Bd1 h3 27. Qh4 Bxe3 28.
Rxe3 f2 29. Bxg4 fxg1=Q+ 30. Re1 Qxe1+ 31. Qxe1 Rf1 0-1

[Event "Autumn Cup D Grade"]
[Site "Wellington Chess Club"]
[Date "2019.05.16"]
[Round "1"]
[White "Aldridge, Alan"]
[Black "Sole, Michael"]
[Result "0-1"]
[WhiteElo "1914"]
[BlackElo "1931"]

1. e4 c5 2. Nf3 e6 3. d4 cxd4 4. Nxd4 Nc6 5. Nc3 Qc7 6. Be2 a6 7. a3 Nf6 8. O-O
Be7 9. Be3 O-O 10. f4 b5 11. e5 Ne8 12. Nxc6 dxc6 13. Bd3 g6 14. Qf3 Bb7 15.
Qg3 f5 16. exf6 Bxf6 17. Bc5 Be7 18. Ne4 Ng7 19. b4 a5 20. Rae1 axb4 21. axb4
Ra4 22. c3 Bc8 23. Bxe7 Qxe7 24. Nc5 Ra3 25. f5 gxf5 26. Bxf5 Kh8 27. Qe5 Qg5
28. Ne4 Qe7 29. Bg4 Bd7 30. Ng5 Raa8 31. Rxf8+ Rxf8 32. Bxe6 Bxe6 33. Nxe6 Re8
34. Ng5 Qa7+ 0-1

[Event "Autumn Cup D Grade"]
[Site "Wellington Chess Club"]
[Date "2019.05.16"]
[Round "1"]
[White "Mullan, Brett"]
[Black "Winfield, Alan"]
[Result "0-1"]
[WhiteElo "1905"]
[BlackElo "1854"]

1. e4 d6 2. d4 Nf6 3. Nc3 Nbd7 4. Be2 e5 5. Nf3 c6 6. O-O h6 7. h3 Be7 8. Be3
Qc7 9. Ne1 g5 10. f3 Nf8 11. dxe5 dxe5 12. Bc4 Ng6 13. Ne2 Nf4 14. Nxf4 gxf4
15. Bf2 Rg8 16. Kh1 Nh5 17. Rg1 Ng3+ 18. Kh2 Bd7 19. c3 Rd8 20. Qb3 Rg7 21. Rd1
b5 22. Bd3 Be6 23. Qc2 Kf8 24. b3 Kg8 25. Bf1 Nxf1+ 26. Rxf1 Rg5 27. Rxd8+ Qxd8
28. Qd3 Qc7 29. Rg1 Kh7 30. Qe2 Qd7 31. Qd3 Qc8 32. Qf1 Rh5 33. Nd3 c5 34. Nc1
a6 35. Be1 c4 36. b4 Qd7 37. Bf2 Bh4 38. Bxh4 Rxh4 39. Rh1 f6 40. Qe1 Rh5 41.
Kg1 Rg5 42. Kf1 Rg8 43. Rg1 Bxh3 44. gxh3 Qxh3+ 0-1

[Event "Autumn Cup D Grade"]
[Site "Wellington Chess Club"]
[Date "2019.05.16"]
[Round "1"]
[White "Stoeveken, Peter"]
[Black "Jackson, Ross"]
[Result "1/2-1/2"]
[WhiteElo "1853"]
[BlackElo "1928"]

1. d4 d5 2. Nf3 e6 3. Bf4 Nf6 4. Nbd2 c5 5. e3 Nc6 6. c3 Bd6 7. Bg5 h6 8. Bh4
g5 9. Bg3 Qe7 10. Bb5 Bd7 11. Qe2 a6 12. Bd3 e5 13. dxe5 Nxe5 14. Nxe5 Bxe5 15.
Bxe5 Qxe5 16. Nf3 Qe7 17. Nd2 Ne4 18. Bxe4 dxe4 19. O-O-O O-O-O 20. Qc4 f5 21.
Nb3 Be6 22. Qxc5+ Qxc5 23. Nxc5 Bxa2 24. Rd4 Rxd4 25. cxd4 Bd5 26. Kd2 Kc7 27.
Rc1 Kd6 28. Ra1 Rh7 29. Kc3 f4 30. Kd2 Re7 31. Na4 Bc6 32. Nc3 Bb5 33. Re1 Bc6
34. Ra1 Bb5 35. Ra5 Kc6 36. Na2 b6 37. Ra3 Kd6 38. Nc3 Bf1 39. g3 fxg3 40. fxg3
Bd3 41. Nd1 a5 42. Nf2 Bc4 43. Ra1 Bd5 44. Rf1 Bc4 45. Rc1 Bd5 46. Ng4 Rf7 47.
Ke2 h5 48. Ne5 Rh7 49. Rc8 Rc7 50. Rxc7 Kxc7 51. Kd2 b5 52. h4 gxh4 53. gxh4 b4
54. Ng6 a4 55. Nf4 Bf7 56. Ne2 Kd6 57. Ng3 {Draw agreed} 1/2-1/2

[Event "Autumn Cup D Grade"]
[Site "Wellington Chess Club"]
[Date "2019.05.23"]
[Round "2"]
[White "Jackson, Ross"]
[Black "Sole, Michael"]
[Result "1/2-1/2"]
[WhiteElo "1928"]
[BlackElo "1931"]

1. d4 Nf6 2. c4 e6 3. Nf3 b6 4. Nc3 Bb4 5. e3 Bb7 6. Bd3 Ne4 7. Qc2 f5 8. O-O
Bxc3 9. bxc3 O-O 10. Ne1 Qh4 11. f3 Ng5 12. Qf2 Qxf2+ 13. Rxf2 h6 14. h4 Nh7
15. Ba3 d6 16. c5 Rd8 17. cxd6 cxd6 18. e4 g6 19. exf5 gxf5 20. Re2 Kf7 21. g4
Kf6 22. gxf5 exf5 23. Bc4 Nf8 24. Rc1 Nc6 25. Kf2 Na5 26. Bd3 Ng6 27. Ng2 h5
28. Rce1 Bd5 29. Ne3 Be6 30. Ng4+ hxg4 31. Rxe6+ Kf7 32. Bxf5 Nxh4 33. Bxg4 Nc4
34. Bc1 Ng6 35. Bh5 Ne5 36. dxe5 Kxe6 37. Bxg6 dxe5 38. f4 Kf6 39. f5 Rd3 40.
Bb2 Rh8 41. Re2 Rh2+ 42. Ke1 Rh1+ 43. Kf2 Rh2+ 1/2-1/2

[Event "Autumn Cup D Grade"]
[Site "Wellington Chess Club"]
[Date "2019.05.23"]
[Round "2"]
[White "Stoeveken, Peter"]
[Black "Mullan, Brett"]
[Result "1-0"]
[WhiteElo "1853"]
[BlackElo "1905"]

1. d4 Nf6 2. Nf3 e6 3. c4 d5 4. Nc3 c5 5. Bg5 dxc4 6. e4 h6 7. Bh4 Be7 8. Bxc4
a6 9. O-O b5 10. Bb3 c4 11. Bc2 Bb7 12. Re1 O-O 13. Qe2 Nbd7 14. Rad1 Re8 15.
Ne5 Nxe5 16. Bxf6 Ng6 17. Bxe7 Qxe7 18. Qg4 Qg5 19. Qxg5 hxg5 20. e5 Nf4 21. f3
Rad8 22. g3 Bxf3 23. gxf4 Bxd1 24. Rxd1 gxf4 25. Ne4 Rd5 26. Nd6 Rd8 27. Be4
R8xd6 28. exd6 Rxd6 29. Bf3 g6 30. Kf2 Kg7 31. h4 Kf6 32. Bg2 e5 33. dxe5+ Kxe5
34. Rxd6 Kxd6 35. Bb7 a5 36. Kf3 Ke5 37. Ba6 b4 38. Bxc4 f6 39. b3 Kf5 40. Bd3+
1-0

[Event "Autumn Cup D Grade"]
[Site "Wellington Chess Club"]
[Date "2019.05.23"]
[Round "2"]
[White "Winfield, Alan"]
[Black "Aldridge, Alan"]
[Result "1-0"]
[WhiteElo "1854"]
[BlackElo "1914"]

1. d4 Nf6 2. Bf4 e6 3. e3 c5 4. c3 Nc6 5. Nd2 d5 6. Ngf3 Bd6 7. Bg3 O-O 8. Bd3
b6 9. e4 Bxg3 10. hxg3 dxe4 11. Nxe4 h6 12. dxc5 bxc5 13. Nxc5 Qb6 14. Na4 Qc7
15. Qe2 Re8 16. O-O e5 17. Nc5 Ng4 18. Nh4 Nf6 19. Rfe1 Bg4 20. Qc2 Ne7 21. Ne4
Nfd5 22. a3 g5 23. c4 Rec8 24. Qd2 Qb6 25. Nxg5 Nf4 26. gxf4 hxg5 27. fxg5 1-0

[Event "Autumn Cup D Grade"]
[Site "Wellington Chess Club"]
[Date "2019.05.30"]
[Round "3"]
[White "Aldridge, Alan"]
[Black "Stoeveken, Peter"]
[Result "1-0"]
[WhiteElo "1914"]
[BlackElo "1853"]

1. e4 c5 2. Nf3 Nc6 3. d4 cxd4 4. Nxd4 e5 5. Nf3 Nf6 6. Nc3 Bb4 7. Bg5 Bxc3+ 8.
bxc3 Qa5 9. Bxf6 Qxc3+ 10. Nd2 gxf6 11. Bc4 Nd4 12. Rc1 d6 13. O-O h5 14. Bb3
Bg4 15. f3 Qe3+ 16. Kh1 Be6 17. Bxe6 fxe6 18. c3 Qg5 19. cxd4 Rg8 20. Qe2 exd4
21. f4 Qa5 22. Nb3 Qb6 23. Qxh5+ Kd8 24. Qf7 1-0

[Event "Autumn Cup D Grade"]
[Site "Wellington Chess Club"]
[Date "2019.05.30"]
[Round "3"]
[White "Mullan, Brett"]
[Black "Jackson, Ross"]
[Result "0-1"]
[WhiteElo "1905"]
[BlackElo "1928"]

1. e4 c5 2. c3 Nf6 3. e5 Nd5 4. d4 e6 5. f4 cxd4 6. cxd4 d6 7. Nf3 Nc6 8. Bc4
dxe5 9. fxe5 Na5 10. Bb5+ Nc6 11. Nc3 Qa5 12. Bxc6+ bxc6 13. Bd2 Nxc3 14. Bxc3
Qb5 15. Qc2 Ba6 16. a4 Qd3 17. Qxd3 Bxd3 18. Rc1 Be7 19. Kd2 Be4 20. Ke3 Bd5
21. h4 O-O 22. Rh2 a5 23. Nd2 c5 24. Ne4 cxd4+ 25. Bxd4 Rfc8 26. Nc5 f6 27. Nd3
Rxc1 28. Nxc1 Rc8 29. Bc3 Rc4 30. g3 Rxa4 31. exf6 gxf6 32. Nd3 e5 33. Rd2 Bc6
34. Kf2 Ra2 35. Nc1 Ra1 36. Nb3 Rh1 37. Bxa5 Ba4 38. Kg2 Rb1 39. Bd8 Bb4 40.
Rf2 Bxb3 41. Bxf6 Bd5+ 42. Kh3 h5 43. Bxe5 Rh1+ 44. Rh2 Rg1 45. Bd4 0-1

[Event "Autumn Cup D Grade"]
[Site "Wellington Chess Club"]
[Date "2019.05.30"]
[Round "3"]
[White "Sole, Michael"]
[Black "Winfield, Alan"]
[Result "1-0"]
[WhiteElo "1931"]
[BlackElo "1854"]

1. e4 d6 2. d4 Nf6 3. Nc3 Nbd7 4. f4 e5 5. Nf3 exd4 6. Qxd4 Be7 7. Be3 O-O 8.
h3 c5 9. Qd3 Qc7 10. g4 Nb6 11. g5 Nfd7 12. O-O-O a6 13. h4 Re8 14. h5 Nf8 15.
f5 Nfd7 16. g6 Ne5 17. Nxe5 dxe5 18. gxf7+ Kxf7 19. Nd5 Nxd5 20. Qxd5+ Kf8 21.
Bc4 Bf6 22. Bxc5+ 1-0

[Event "Autumn Cup D Grade"]
[Site "Wellington Chess Club"]
[Date "2019.06.06"]
[Round "4"]
[White "Jackson, Ross"]
[Black "Winfield, Alan"]
[Result "1-0"]
[WhiteElo "1928"]
[BlackElo "1854"]

1. d4 f5 2. g3 Nf6 3. Bg2 e6 4. Nf3 g6 5. Bg5 Bg7 6. Nc3 d6 7. O-O Nbd7 8. Qc1
d5 9. Bh6 O-O 10. Bxg7 Kxg7 11. Ne5 c6 12. Nxd7 Qxd7 13. Na4 b6 14. b3 Ba6 15.
Re1 Ne4 16. f3 Nf6 17. Qd2 Qd6 18. Rad1 h5 19. Nb2 h4 20. Qf4 Qxf4 21. gxf4 Nh5
22. e3 Kf6 23. Kf2 Rg8 24. Bh3 g5 25. fxg5+ Rxg5 26. Rg1 Rag8 27. Rxg5 Rxg5 28.
c4 Ke7 29. Bf1 Nf6 30. Nd3 Nd7 31. Nb4 Bb7 32. cxd5 exd5 33. Rc1 Kd6 34. Bh3 c5
35. Nc2 Nf6 36. Ne1 Bc8 37. Nd3 Nd7 38. f4 Rh5 39. Rg1 c4 40. Rg6+ Kc7 41. Nb4
Bb7 42. Bg2 c3 43. Nxd5+ Bxd5 44. Bxd5 Nb8 45. Ke2 Rh7 46. Kd3 Re7 47. Be6 1-0

[Event "Autumn Cup D Grade"]
[Site "Wellington Chess Club"]
[Date "2019.06.06"]
[Round "4"]
[White "Mullan, Brett"]
[Black "Aldridge, Alan"]
[Result "1/2-1/2"]
[WhiteElo "1905"]
[BlackElo "1914"]

1. d4 Nf6 2. Nf3 e6 3. Bf4 b6 4. e3 Bb7 5. Bd3 c5 6. c3 cxd4 7. cxd4 Bb4+ 8.
Nbd2 O-O 9. O-O d5 10. a3 Bd6 11. Ne5 Bxe5 12. dxe5 Ne4 13. h3 Nxd2 14. Qxd2
Nd7 15. Qe2 Nc5 16. Rfd1 Nxd3 17. Qxd3 Qh4 18. Bg3 Qh5 19. Rac1 Rac8 20. Kh2
Qg6 1/2-1/2

[Event "Autumn Cup D Grade"]
[Site "Wellington Chess Club"]
[Date "2019.06.13"]
[Round "5"]
[White "Aldridge, Alan"]
[Black "Jackson, Ross"]
[Result "1/2-1/2"]
[WhiteElo "1914"]
[BlackElo "1928"]

1. d4 d5 2. c4 e6 3. Nc3 Bb4 4. Qc2 Nf6 5. Bg5 O-O 6. e3 Nbd7 7. Nf3 h6 8. Bh4
c6 9. cxd5 exd5 10. Bd3 Re8 11. O-O g5 12. Bg3 Nh5 13. a3 Nxg3 14. hxg3 Bf8 15.
b4 a6 16. Rab1 Bg7 17. a4 Nf8 18. b5 axb5 19. axb5 Bd7 20. bxc6 Bxc6 21. Bb5
Ng6 22. Bxc6 bxc6 23. Na4 Qd6 24. Rfc1 Ne7 25. Nc5 Reb8 26. Nd3 Rxb1 27. Rxb1
Rb8 28. Ra1 Qc7 29. Qc5 f6 30. Qc2 Kf7 31. Nc5 Qc8 32. Ra7 Ra8 33. Qa4 Rxa7 34.
Qxa7 Bf8 35. Ne1 Qg4 36. Kf1 Qd1 37. Qd7 Qb1 38. Qe6+ Kg7 39. g4 Qg6 40. Ned3
Qf7 41. Qd7 Kg6 42. Nb4 Ng8 43. Qf5+ Kg7 44. Ne6+ Kh8 45. Nxf8 Qxf8 46. Nxc6
Qd6 47. Qc8 Qa3 48. g3 Qd3+ 49. Kg2 Qe4+ 50. Kh2 Qf3 51. Qf5 Qxf5 52. gxf5 h5
53. f3 Kg7 54. e4 dxe4 55. fxe4 Kf7 56. Kg2 Ke8 57. d5 Kd7 58. Nd4 Kd6 59. Kf3
Nh6 60. Ne6 Nf7 61. Ng7 Ne5+ 62. Ke3 h4 63. gxh4 gxh4 64. Kf4 Nd7 65. Ne8+ Kc5
66. Kg4 Kd4 67. Kxh4 1/2-1/2

[Event "Autumn Cup D Grade"]
[Site "Wellington Chess Club"]
[Date "2019.06.13"]
[Round "5"]
[White "Sole, Michael"]
[Black "Mullan, Brett"]
[Result "1-0"]
[WhiteElo "1931"]
[BlackElo "1905"]

1. e4 c6 2. d4 g6 3. Nf3 Bg7 4. Bd3 d6 5. c3 Bg4 6. h3 Bxf3 7. Qxf3 e5 8. dxe5
Bxe5 9. O-O Nd7 10. Qe2 Nc5 11. Bc2 Bg7 12. f4 Qc7 13. Be3 Nd7 14. Nd2 Ngf6 15.
Rad1 O-O 16. Kh1 Rfe8 17. Qf2 b6 18. Rfe1 Re7 19. Qf3 Rae8 20. Bf2 Kh8 21. Bg3
Nh5 22. Bf2 Nhf6 23. Bd4 Kg8 24. g4 c5 25. Bf2 Nb8 26. Bg3 Qc6 27. g5 Nh5 28.
Bh2 d5 29. e5 f6 30. c4 d4 31. Be4 Qa4 32. gxf6 Bxf6 33. exf6 Nxf6 34. Ra1 Nxe4
35. Rxe4 Rxe4 36. Nxe4 Qc6 37. Ng5 Qxf3+ 38. Nxf3 Re3 39. Ne5 Rxh3 40. Kg2 Re3
41. Kf2 Rh3 42. Bg3 Na6 43. a3 Nc7 44. Re1 Kg7 45. Nc6 Kf6 46. Nxa7 Kf5 47.
Re5+ Kf6 48. Nc6 Ne6 49. Kg2 Rh5 50. Rxh5 gxh5 51. Ne5 Kf5 52. Kf3 h4 53. Bh2
h6 54. Nd3 h5 55. b4 cxb4 56. axb4 Nd8 57. Bg1 Ne6 58. c5 bxc5 59. bxc5 h3 60.
c6 h4 61. Bh2 Nc7 62. Nc5 Nd5 63. Nd3 Nc7 64. Ne5 Nd5 65. Nc4 d3 66. Nd2 Nc7
67. Ne4 Nd5 68. Ng5 d2 69. Ke2 Nxf4+ 70. Bxf4 Kxf4 71. Nxh3+ 1-0

[Event "Autumn Cup D Grade"]
[Site "Wellington Chess Club"]
[Date "2019.06.13"]
[Round "5"]
[White "Winfield, Alan"]
[Black "Stoeveken, Peter"]
[Result "1-0"]
[WhiteElo "1854"]
[BlackElo "1853"]

1. d4 Nf6 2. Bf4 d6 3. Nc3 g6 4. e4 Bg7 5. Qd2 b6 6. O-O-O a5 7. Nf3 Nc6 8. Bb5
Bd7 9. Bh6 O-O 10. e5 Ng4 11. Bxg7 Kxg7 12. h3 Nh6 13. h4 Na7 14. Bxd7 Qxd7 15.
h5 Ng8 16. Rh4 f6 17. hxg6 hxg6 18. Rdh1 Kf7 19. exf6 Nxf6 20. Qd3 Qf5 21. Qc4+
d5 22. Ne5+ Kg7 23. Nxd5 b5 24. Qc5 Nxd5 25. Qxd5 Rh8 26. Rxh8 Rxh8 27. Rxh8
Kxh8 28. Qd8+ Kg7 29. Qxe7+ Kg8 30. Nd7 Qf4+ 31. Kb1 Qh6 32. Qe8+ Kh7 33. Qf7+
Kh8 34. Qf8+ Qxf8 35. Nxf8 Kg7 36. Ne6+ 1-0

[Event "Autumn Cup D Grade"]
[Site "Wellington Chess Club"]
[Date "2019.06.20"]
[Round "4"]
[White "Stoeveken, Peter"]
[Black "Sole, Michael"]
[Result "0-1"]
[WhiteElo "1853"]
[BlackElo "1931"]

1. d4 Nf6 2. c4 c5 3. dxc5 Na6 4. Nc3 Nxc5 5. b4 Nce4 6. Nxe4 Nxe4 7. Qc2 Nf6
8. Nf3 g6 9. Bb2 Bg7 10. e4 d6 11. Rd1 Qb6 12. a3 O-O 13. Bd4 Qc7 14. e5 dxe5
15. Bxe5 Qc6 16. Be2 Bf5 17. Qb2 Rfd8 18. O-O Nh5 19. Bxg7 Nxg7 20. Ne5 Qc7 21.
c5 a5 22. Bc4 Be6 23. Rfe1 b6 24. Bxe6 Nxe6 25. c6 Rd6 26. b5 Rad8 27. Rxd6
Qxd6 28. g3 Nd4 29. Kh1 Qd5+ 30. Kg1 f6 31. Nd7 Nf3+ 32. Kf1 Nxe1 33. Kxe1 Rxd7
34. cxd7 Qxd7 35. h4 Qe6+ 36. Kf1 Qc4+ 37. Kg2 Kg7 38. Kh3 h5 39. Kg2 a4 40.
Kf3 Qb3+ 0-1

[Event "Autumn Cup E Grade"]
[Site "Wellington Chess Club"]
[Date "2019.05.16"]
[Round "1"]
[White "Brockway, Andrew"]
[Black "He, Paul"]
[Result "1/2-1/2"]
[WhiteElo "1845"]
[BlackElo "1771"]

1. e4 c5 2. Nc3 Nc6 3. Bb5 g6 4. Bxc6 bxc6 5. f4 d5 6. d3 Bg7 7. Nf3 Bxc3+ 8.
bxc3 dxe4 9. dxe4 Qxd1+ 10. Kxd1 Nf6 11. Re1 Ba6 12. Ba3 O-O-O+ 13. Kc1 Nd7 14.
Nd2 (14. Ne5 Nxe5 15. fxe5) 14... e6 15. Nb3 (15. e5) 15... c4 16. Nc5 Bb5 17.
Bb4 a5 18. Nxd7 axb4 19. Ne5 Rhf8 20. a4 (20. cxb4) 20... bxa3 21. Rxa3 Kb7 22.
Rd1 Rxd1+ 23. Kxd1 f6 24. Nf3 Rd8+ 25. Ke2 c5 26. Ra1 Bc6 27. Ke3 f5 28. Rb1+
Kc7 29. Ng5 Re8 30. exf5 exf5+ 31. Kf2 h6 32. Nf3 Bxf3 33. Kxf3 { (=) Draw
Agreed } 1/2-1/2

[Event "Autumn Cup E Grade"]
[Site "Wellington Chess Club"]
[Date "2019.05.16"]
[Round "1"]
[White "Wevers, Alexis"]
[Black "He, Caleb"]
[Result "1-0"]
[WhiteElo "1740"]
[BlackElo "1799"]

1. c4 Nf6 2. g3 c5 3. Bg2 g6 4. Nf3 Bg7 5. d4 cxd4 6. Nxd4 Nc6 7. O-O O-O 8.
Nc3 Nh5 9. Be3 Ne5 10. b3 Ng4 11. Bc1 Qa5 12. Bb2 Nhf6 13. Nd5 Nxd5 14. Bxd5
Nf6 15. Bg2 d5 16. cxd5 Nxd5 17. Qc2 Nb4 18. Qc4 e5 19. Nf3 Be6 20. Qe4 Bd5 21.
Qh4 Rac8 22. e4 Bc6 23. Bc3 Bd7 24. Bd2 Qb6 25. Qe7 Nc2 26. Qxd7 Rfd8 27. Qa4
Nxa1 28. Ba5 Qc5 29. Bxd8 Nc2 30. Ba5 b5 31. b4 bxa4 32. bxc5 Rxc5 33. Bd2 Rc4
34. Rc1 f6 35. Ne1 Na3 36. Rxc4 Nxc4 37. Bb4 a5 38. Bc5 Bf8 39. Bxf8 Kxf8 40.
Bf1 Nd2 41. Bd3 a3 42. Nc2 Nb1 43. f3 Ke7 44. Kf2 Kd6 45. Bc4 g5 46. Ke3 Kc5
47. Bf7 h6 48. Kd3 Kb5 49. Ne1 Kb4 50. Kc2 Nc3 51. Nd3+ 1-0

[Event "Autumn Cup E Grade"]
[Site "Wellington Chess Club"]
[Date "2019.05.23"]
[Round "2"]
[White "He, Caleb"]
[Black "He, Paul"]
[Result "1-0"]
[WhiteElo "1799"]
[BlackElo "1771"]

1. e4 c5 2. Nf3 Nc6 3. d4 cxd4 4. Nxd4 Nf6 5. Nc3 d6 6. Be2 g6 7. Be3 Bg7 8. f3
O-O 9. g4 Nd7 10. Qd2 Re8 11. h4 Qb6 12. Nb3 Qb4 13. h5 Nb6 14. hxg6 fxg6 15.
a3 Bxc3 16. bxc3 Qa4 17. Bxb6 axb6 18. Qh6 Ne5 19. Qxh7+ Kf8 20. Qh8+ Kf7 21.
Rh7+ Ke6 22. Nd4+ Kd7 23. Bb5+ Qxb5 24. Qxe8+ Kxe8 25. Nxb5 Nxf3+ 26. Kf2 Ng5
27. Nc7+ Kd8 28. Nxa8 Nxh7 29. Rh1 Nf6 30. Rh8+ Ne8 31. Kf3 Be6 32. Nxb6 Bf7
33. Rf8 Be6 34. Kf4 Ba2 35. c4 Bb1 36. c3 e5+ 37. Ke3 Ke7 38. Rf1 1-0

[Event "Autumn Cup E Grade"]
[Site "Wellington Chess Club"]
[Date "2019.05.23"]
[Round "2"]
[White "Quayle, Jamie"]
[Black "Brockway, Andrew"]
[Result "0-1"]
[WhiteElo "1750"]
[BlackElo "1845"]

1. c4 e5 2. Nc3 Nc6 3. g3 f5 4. e4 d6 5. Bg2 Nf6 6. d3 g6 7. Nf3 Bg7 8. O-O O-O
9. exf5 Bxf5 10. Bg5 h6 11. Bxf6 Qxf6 12. Nd5 Qd8 13. Nh4 Nd4 14. Nxf5 gxf5 15.
Rb1 c6 16. Nc3 Qf6 17. Ne2 Ne6 18. b4 f4 19. Nc3 Qg6 20. Be4 Qf7 21. b5 Nd4 22.
bxc6 bxc6 23. Nb5 Qd7 24. Nxd4 exd4 25. g4 Rab8 26. Bf5 Qc7 27. Qf3 Be5 28.
Rxb8 Rxb8 29. Kh1 Rb2 30. Rg1 Qe7 31. g5 hxg5 32. h4 Kf8 33. hxg5 Rxa2 34. Qxc6
Rxf2 35. Qa8+ Kg7 36. Be4 Qd7 37. Rg2 Rf1+ 38. Kh2 f3+ 39. Rg3 Bxg3+ 40. Kxg3
Rg1+ 41. Kf2 Rxg5 42. Bxf3 Qe7 43. Qb7 Qxb7 44. Bxb7 Re5 45. Be4 Rxe4 46. dxe4
Kf6 47. Ke2 Ke5 48. Kd3 a5 49. Kc2 Kxe4 { White Resigned } 0-1

[Event "Autumn Cup E Grade"]
[Site "Wellington Chess Club"]
[Date "2019.05.23"]
[Round "2"]
[White "Wevers, Alexis"]
[Black "Farrington, Lawrence"]
[Result "1-0"]
[WhiteElo "1740"]
[BlackElo "1762"]

1. c4 e5 2. g3 Nf6 3. Bg2 d5 4. cxd5 Nxd5 5. Nc3 Nb6 6. Nf3 Nc6 7. O-O Be7 8.
b3 O-O 9. Bb2 Bf6 10. Ne4 Bf5 11. Nxf6+ Qxf6 12. Nh4 Qe6 13. Nxf5 Qxf5 14. Rc1
Qe6 15. Bxc6 bxc6 16. Qc2 f6 17. Qxc6 Qxc6 18. Rxc6 Rf7 19. Rfc1 Rc8 20. Ba3
Rd7 21. d3 Nd5 22. Ra6 Ra8 23. Bc5 Nb6 24. Be3 Kf7 25. Rc6 Nc8 26. a3 Ke8 27.
b4 Kd8 28. g4 h6 29. h4 Rf7 30. f4 Ne7 31. Rc5 exf4 32. Bxf4 c6 33. b5 cxb5 34.
Rxb5 Nc8 35. Kf2 Rd7 36. g5 hxg5 37. hxg5 fxg5 38. Rxg5 Rf7 39. Kg3 Nb6 40. Be5
Re7 41. Bd4 Rc8 42. Rxg7 Rc6 43. Rxe7 Kxe7 44. Rxa7+ Kd6 45. Bxb6 Rxb6 46. Ra5
Rb2 47. Kf3 Rb1 48. Ke4 Rb3 49. Kd4 Rb2 50. Ra6+ Kd7 51. e4 Rh2 52. a4 Rh5 53.
e5 Ke7 54. Kd5 Kd7 55. Ra7+ Kd8 56. d4 Rh6 57. e6 Rh4 58. Kc5 Re4 59. d5 Re1
60. Kd6 Kc8 1-0

[Event "Autumn Cup E Grade"]
[Site "Wellington Chess Club"]
[Date "2019.05.30"]
[Round "3"]
[White "Brockway, Andrew"]
[Black "Wevers, Alexis"]
[Result "0-1"]
[WhiteElo "1845"]
[BlackElo "1779"]

1. e4 c5 2. Nc3 g6 3. f4 Bg7 4. Nf3 d6 5. Bb5+ Nd7 6. O-O a6 7. Bxd7+ Bxd7 8.
d3 e6 9. Qe1 Ne7 10. Qh4 Nc6 11. Qf2 Qc7 12. Kh1 O-O-O 13. Rb1 h6 14. Re1 g5
15. e5 dxe5 16. fxg5 hxg5 17. Nxg5 Nd4 18. Nce4 f5 19. Nf7 fxe4 20. Nxh8 Rxh8
21. Rxe4 Bc6 22. Rg4 Rf8 23. Qe1 Nxc2 24. Qd1 Bb5 25. Bg5 Qd6 26. Qxc2 Bxd3 27.
Qc1 (27. Be7 Bxc2 28. Bxd6 Rf7 29. Rc1) 27... Rf1+ 28. Qxf1 Bxf1 29. Rxf1 Qd3
30. Rc1 e4 31. Rxc5+ Kd7 32. Rc1 Bxb2 33. Re1 Bc3 34. Rc1 e3 35. Rg3 Bd2 36.
Rxe3 Bxe3 37. Bxe3 Qxe3 38. Rd1+ Ke7 39. h3 b5 40. Rb1 Qd3 41. Rb3 Qc2 42. Rf3
Qxa2 43. h4 b4 44. h5 b3 45. h6 b2 46. Kh2 b1=Q 47. Rg3 Qb8 0-1

[Event "Autumn Cup E Grade"]
[Site "Wellington Chess Club"]
[Date "2019.05.30"]
[Round "3"]
[White "Farrington, Lawrence"]
[Black "He, Caleb"]
[Result "1/2-1/2"]
[WhiteElo "1762"]
[BlackElo "1799"]

1. e4 c5 2. Nf3 Nc6 3. Bb5 g6 4. Bxc6 dxc6 5. d3 Bg7 6. c3 Bg4 7. h3 Bxf3 8.
Qxf3 e5 9. O-O Nf6 10. Na3 O-O 11. Rd1 Ne8 12. Be3 b6 13. Nc2 Nc7 14. d4 cxd4
15. cxd4 Qe7 16. dxe5 c5 17. Rab1 Bxe5 18. Bf4 Bxf4 19. Qxf4 Na6 20. Qe3 Rad8
21. f3 Rxd1+ 22. Rxd1 Rd8 23. Rd5 Nc7 24. Rd3 Rd6 25. Qd2 Nb5 26. Rxd6 Nxd6 27.
Qd5 Ne8 28. Qd2 Nc7 29. Kf2 Ne6 30. Kg1 Qf6 31. Ne3 Qg5 32. Kh2 Qf4+ 33. Kh1
Nd4 34. Nf1 Qxd2 35. Nxd2 b5 36. Kg1 f6 37. Kf2 Kf7 38. Nb1 b4 39. Ke3 Ke6 40.
Kd3 Kd6 41. Kc4 Ne2 42. a3 bxa3 43. bxa3 a6 44. Nd2 Nf4 45. Nb3 Nxg2 46. Nxc5
Ne3+ 47. Kb4 Nc2+ 48. Kb3 Nxa3 49. Nxa6 Nb5 50. Kc4 Na3+ 51. Kd4 Nb5+ 52. Kc4
Na3+ 53. Kd4 Nc2+ 54. Kd3 Ne1+ 55. Ke2 Ng2 56. Kf2 Nf4 57. h4 Ke5 58. Nb4 Kd4
59. Nc6+ Kc5 60. Ne7 Kd6 61. Ng8 Ke6 62. Nh6 f5 63. exf5+ gxf5 64. Kg3 Ne2+ 65.
Kf2 Nc3 66. Ke3 Nd5+ 67. Kf2 Ne7 68. Kg3 Kf6 69. Kf4 Kg6 70. Ng4 Nd5+ 71. Kg3
fxg4 72. fxg4 Kf6 73. Kf3 Ke5 74. Kg3 Ke4 75. h5 h6 76. g5 1/2-1/2

[Event "Autumn Cup E Grade"]
[Site "Wellington Chess Club"]
[Date "2019.05.30"]
[Round "3"]
[White "He, Paul"]
[Black "Quayle, Jamie"]
[Result "1-0"]
[WhiteElo "1771"]
[BlackElo "1750"]

1. c4 e5 2. Nc3 Nc6 3. g3 Bc5 4. e3 Nf6 5. Nge2 O-O 6. Bg2 d6 7. d4 exd4 8.
exd4 Bb6 9. O-O Bg4 10. Be3 Rb8 11. a3 Ne7 12. c5 dxc5 13. dxc5 Ned5 14. Nxd5
Nxd5 15. Bxd5 Bxe2 16. Bxf7+ Rxf7 17. Qxe2 Qd7 18. cxb6 axb6 19. Rfd1 Qh3 20.
Qf1 Qf5 21. Qd3 Qh5 22. Qc4 Kh8 23. Rd4 c5 24. Rh4 Qf5 25. Rf4 1-0

[Event "Autumn Cup E Grade"]
[Site "Wellington Chess Club"]
[Date "2019.06.06"]
[Round "4"]
[White "Farrington, Lawrence"]
[Black "Brockway, Andrew"]
[Result "1/2-1/2"]
[WhiteElo "1845"]
[BlackElo "1755"]

1. e4 e5 2. Nf3 Nc6 3. Nc3 Nf6 4. Bb5 Bd6 5. O-O O-O 6. d3 h6 7. Ne2 a6 8. Bc4
Na5 9. Bb3 Nxb3 10. axb3 Re8 11. Ng3 Bf8 12. Nf5 d5 13. Ng3 dxe4 14. dxe4 Bg4
15. Qxd8 Raxd8 16. Nd2 Nh5 17. f3 Nxg3 18. hxg3 Be6 19. Nc4 Bxc4 20. bxc4 Bc5+
21. Kh2 Rd7 22. b3 Red8 23. Bb2 Bd4 24. Bxd4 Rxd4 25. Rf2 Rd2 26. Raf1 Rxf2 27.
Rxf2 Rd4 28. Re2 Kf8 29. Kg1 a5 30. Kf2 a4 31. Ke3 axb3 32. cxb3 Rd7 33. Ra2 b6
34. Rd2 Ke7 35. Rd5 f6 36. Rd3 Rd6 37. Kd2 Ke6 38. Kc2 g6 39. Re3 Kf7 { (=)
Draw Agreed } 1/2-1/2

[Event "Autumn Cup E Grade"]
[Site "Wellington Chess Club"]
[Date "2019.06.06"]
[Round "4"]
[White "He, Caleb"]
[Black "Quayle, Jamie"]
[Result "1-0"]
[WhiteElo "1799"]
[BlackElo "1750"]

1. e4 c5 2. Nf3 e6 3. d4 Nc6 4. d5 exd5 5. exd5 Nce7 6. d6 Nc6 7. Qe2+ Nge7 8.
dxe7 Bxe7 9. Qd1 a6 10. c4 O-O 11. Be2 b5 12. cxb5 axb5 13. Bxb5 Qa5+ 14. Nc3
Bf6 15. O-O Nd4 16. Bd3 Bb7 17. Be4 Bxe4 18. Nxe4 Be7 19. Nxd4 cxd4 20. Qxd4 d5
21. Bd2 Qb5 22. Bc3 f6 23. Ng5 Ra4 24. Qe3 Re8 25. Qe6+ Kh8 26. Nf7+ Kg8 27.
Nh6+ Kh8 28. Qg8+ Rxg8 29. Nf7# 1-0